| LEADER |
01026nam0a2200205 450 |
| 001 |
16868229 |
| 010 |
|
|
|a 978-2-87833-686-3
|b cart.
|d 13,5
|
| 100 |
|
|
|a 20131119d2013 u u0frey01 ba
|
| 101 |
0 |
|
|a fre
|
| 102 |
|
|
|a FR
|
| 200 |
0 |
|
|a Cendrillon
|f Paul Galdone
|g adapté du conte de Charles Perrault
|
| 207 |
|
1 |
|a
|
| 210 |
|
|
|a Paris
|b 26, rue des Ecoles.
|c Circonflexe
|d 2013
|
| 215 |
|
|
|a 1 vol. (44 p.)
|c illustrations en couleur
|d 24 x 23 cm
|
| 225 |
1 |
|
|a Aux couleurs du temps
|
| 330 |
|
|
|a A la mort de son père, Cendrillon devient la servante de sa belle-mère et de ses deux demi-soeurs. Grâce à sa tante la fée, elle réalise son rêve de se rendre au bal donné par le prince. Ne pouvant assister au bal après minuit, au deuxième coup de carillon, elle s'enfuit, abandonnant dans sa course une pantoufle.
|
| 700 |
|
0 |
|a Galdone
|b Paul
|f 1907-1986
|4 70
|
| 701 |
|
0 |
|a Perrault
|b Charles
|f 1628-1703
|4 100
|
| 900 |
|
|
|a Conte
|
| 995 |
|
|
|a Médiathèque
|c Médiathèque
|f 00156009376013
|h 00156009376013
|k C PER
|o p
|q j
|r az
|e Médiathèque
|